Las jóvenes de Safo /

Bibliographic Details
Main Author: Melone, Arianna (Author)
Other Authors: Barbany Puig, Rosa (Translator)
Format: Electronic eBook
Language:Spanish
Italian
Published: Barcelona : La otra h, 2023.
Edition:1a edición digital.
Subjects:
Online Access:Digitalia Hispánica

MARC

LEADER 00000nam a2200000 i 4500
001 DIGHERDER0675
003 NyNyDIG
007 cr |||||||||||
008 231017t20232022sp a ob 000 1 spa d
006 m o d
035 |a (OCoLC)1406036793 
040 |a DGITA  |b eng  |e rda  |e pn  |c DGITA 
020 |a 9788416763894  |q ePub 
020 |z 9788416763887 
041 1 |a spa  |h ita 
050 1 4 |a PA4409 ebook 
100 1 |a Melone, Arianna,  |e author. 
240 1 0 |a Ragazze di Saffo.  |l Spanish  |s (Barbany Puig) 
245 1 4 |a Las jóvenes de Safo /  |c Arianna Melone ; traducción Rosa Barbany Puig. 
250 |a 1a edición digital. 
264 1 |a Barcelona :  |b La otra h,  |c 2023. 
264 4 |c ©2022 
300 |a 1 online resource :  |b color illustrations. 
336 |a text  |b txt  |2 rdacontent 
336 |a still image  |b sti  |2 rdacontent 
337 |a computer  |b c  |2 rdamedia 
338 |a online resource  |b cr  |2 rdacarrier 
347 |a text file  |2 rdaft 
347 |b EPUB 
504 |a Includes bibliographical references. 
588 0 |a Online resource; title from ePub title page (Digitalia, viewed October 17, 2023) 
600 0 0 |a Sappho  |v Comic books, strips, etc. 
655 7 |a Comics (Graphic works)  |2 lcgft 
700 1 |a Barbany Puig, Rosa,  |e translator. 
700 1 |i Translation of:  |a Melone, Arianna.  |t Ragazze di Saffo. 
791 2 |a Digitalia (Firm),  |e distributor. 
793 0 |g Digitalia eBook Collection:  |a Herder Editorial 
776 0 8 |i Print version:  |a Melone, Arianna.  |s Ragazze di Saffo. Spanish (Barbany Puig).  |t Jóvenes de Safo.  |d Barcelona : La otra h, [2023]  |z 9788416763887 
856 4 0 |3 Digitalia Hispánica  |u https://www.digitaliapublishing.com/a/131044/ 
910 |a Premium collection: 2023